000
00222nam a22000857a 4500
008
161119b xxu||||| |||| 00| 0 eng d
100
_9
1283
_a
Disney.W.
245
_a
Animals and their Babies-Vol5
260
_a
Newyork
_b
Bantam
_c
1983
999
_c
3987
_d
3987